El pensamiento científico de Teilhard / (Record no. 52191)
[ view plain ]
| 000 -LEADER | |
|---|---|
| campo de control de longitud fija | 00688nam a2200205 i 4500 |
| 001 - NÚMERO DE CONTROL | |
| campo de control | 52191 |
| 003 - IDENTIFICADOR DE NÚMERO DE CONTROL | |
| campo de control | ES-MaACL |
| 005 - FECHA Y HORA DE LA ÚLTIMA TRANSACCIÓN | |
| campo de control | 20250916201037.0 |
| 007 - CAMPO FIJO DE DESCRIPCIÓN FÍSICA--INFORMACIÓN GENERAL | |
| campo de control de longitud fija | t| |
| 008 - DATOS DE LONGITUD FIJA--INFORMACIÓN GENERAL | |
| campo de control de longitud fija | 030826s1966 sp ||||1| spa d |
| 100 1# - ENTRADA PRINCIPAL--NOMBRE DE PERSONA | |
| Nombre de persona | Chauchard, Paul. |
| 9 (RLIN) | 38194 |
| 245 13 - MENCIÓN DEL TÍTULO | |
| Título | El pensamiento científico de Teilhard / |
| Mención de responsabilidad, etc. | Paul Chauchard ; [traducción de Carmen Lasso de la Vega Menéndez]. |
| 250 ## - MENCION DE EDICION | |
| Mención de edición | 1ª ed. |
| 260 ## - PUBLICACIÓN, DISTRIBUCIÓN, ETC. | |
| Lugar de publicación, distribución, etc. | Barcelona : |
| Nombre del editor, distribuidor, etc. | Ediciones 62, |
| Fecha de publicación, distribución, etc. | 1966. |
| 300 ## - DESCRIPCIÓN FÍSICA | |
| Extensión | 262 p. ; |
| Dimensiones | 20 cm. |
| 600 14 - PUNTO DE ACCESO ADICIONAL DE MATERIA--NOMBRE DE PERSONA | |
| Nombre de persona | Teilhard de Chardin, Pierre, |
| Fechas asociadas al nombre | 1881-1955- |
| Subdivisión general | Crítica e interpretación |
| 9 (RLIN) | 109522 |
| 700 1# - ENTRADA AGREGADA--NOMBRE PERSONAL | |
| Nombre de persona | Lasso de la Vega Menéndez, Carmen. |
| 9 (RLIN) | 70479 |
| 852 4# - LOCALIZACIÓN | |
| Ubicación | ES-MaACL |
| Número de control de estantería | C-30805 |
| Estatus retirado | Estado de pérdida | Estado de daño | No para préstamo | Biblioteca de origen | Biblioteca actual | Ubicación en estantería | Fecha de adquisición | Fuente de adquisición | Total de préstamos | Signatura topográfica completa | Código de barras | Visto por última vez | Precio de reemplazo | Tipo de ítem Koha |
|---|---|---|---|---|---|---|---|---|---|---|---|---|---|---|
| Biblioteca del Ateneo de Madrid | Biblioteca del Ateneo de Madrid | Depósito 2 | 17/01/2008 | C-30805 | 1054866 | 23/02/2023 | 23/02/2023 | Libro impreso |
